Carregant...
Samakala malayala kavithakal: 2015 le anukalikangalil prasidheekaricha kavithakale adisthanamakkiyulla padanam/
| Autor principal: | |
|---|---|
| Format: | Dissertation |
| Idioma: | Malayalam |
| Publicat: |
Calicut University:
Department of Malayalam,
2016.
|
| LEADER | 00494nam a22001097a 4500 | ||
|---|---|---|---|
| 008 | 170524b xxu||||| |||| 00| 0 mal d | ||
| 100 | |a Athira,P. | ||
| 245 | |a Samakala malayala kavithakal: |b 2015 le anukalikangalil prasidheekaricha kavithakale adisthanamakkiyulla padanam/ |c Athira,P. | ||
| 260 | |a Calicut University: |b Department of Malayalam, |c 2016. | ||
| 942 | |c PD | ||
| 999 | |c 236124 |d 236124 | ||
| 952 | |0 0 |1 0 |4 0 |6 208_000000000000000 |7 0 |9 262101 |a MAL |b MAL |c ST1 |d 2017-05-24 |l 0 |o 208 |p MALNB719 |r 2017-05-24 |w 2017-05-24 |y PD | ||